| 000 | 00913nam a22003015a 4500 | ||
|---|---|---|---|
| 999 |
_c3369 _d233873 |
||
| 001 | 003016 | ||
| 003 | armpunfd | ||
| 005 | 20190409163030.0 | ||
| 008 | 140924s2002####ag############000#0#und#d | ||
| 020 | _a9509076546 | ||
| 080 | _a347.736 So 71 | ||
| 100 | 1 | _aSosa Aubone, Ricardo Daniel. | |
| 245 | 1 | 0 |
_aLey 25589: Concursos y Quiebras : _bModificación de las Leyes: 24522 y 25563 y Ley 25640: Comentada con Jurisprudencia y Doctrina / |
| 260 |
_aBuenos Aires : _bLex, _c2002. |
||
| 300 | _a138 P. | ||
| 650 | 7 |
_aCesacion de Pagos _2LEMB |
|
| 650 | 7 |
_aConcurso en caso de Agrupamiento _2LEMB |
|
| 650 | 7 |
_aConcurso Preventivo _2LEMB |
|
| 650 | 7 |
_aLey 24522 _2LEMB |
|
| 650 | 7 |
_aLey 25563 _2LEMB |
|
| 650 | 7 |
_aLey 25589 _2LEMB |
|
| 650 | 7 |
_aLey 25640 _2LEMB |
|
| 650 | 7 |
_aPeriodo de Exclusividad _2LEMB |
|
| 650 | 7 |
_aQuiebras _2LEMB |
|
| 651 | _2LEMB | ||
| 945 |
_acd _d2014-09-24 |
||